000 00368pab a2200145 454500
008 180718b1997 xxu||||| |||| 00| 0 eng d
100 _aKantawala, A.S.
245 _aBudget in post liberalisation era: analysis of some provisions of IT Act
260 _c1997
300 _ap.20-23,42
362 _aDec
650 _aIncome tax
773 _aYojana
909 _a36216
999 _c36216
_d36216